000 00902nam a2200229 i 4500
001 183385
003 ES-MaACL
005 20251012184726.0
008 140411s1912 it |||| | ita d
245 0 0 _aCommedie del Cinquecento.
_nI /
_ca cura di Ireneo Sanesi.
260 _aBari :
_bGius. Laterza & Figli,
_c1912.
300 _a410 p. ;
_c21 cm.
490 1 _aScrittori d'Italia ;
_v25
505 8 _aContiene: La Calandria di Bernardo Dovizi da Bibbiena -- Il pedante di Francesco Belo -- I tre tirani di Agostino Ricchi -- Gl'ingrannati degli accademici Intronati di Siena
700 1 _aSanesi, Ireneo.
_9154692
700 0 _aBibbiena, Bernardo Dovizi da.
_928763
700 1 _aBelo, Francesco (
_dfl. 1524-1538)
_9154693
700 1 _aRicchi, Agostino,
_d1512-1564
_9154694
830 0 0 _aScrittori d'Italia
_v25
_9191925
852 _aES-MaACL
_jG-3726
999 _c183385
_d183385